Visualizzazione normale
Vista MARC
- Bernini, Domenico,
di Personal Name
Records bibliografici associati: 2
001 - CONTROL NUMBER
- control field: 64632
003 - CONTROL NUMBER IDENTIFIER
- control field: IT-RoINE
005 - DATE AND TIME OF LATEST TRANSACTION
- control field: 20191122094245.0
008 - FIXED-LENGTH DATA ELEMENTS
- fixed length control field: 191122|| aca||aabn | a|a d
040 ## - CATALOGING SOURCE
- Original cataloging agency: IT-RoINE
- Transcribing agency: IT-RoINE
100 ## - HEADING--PERSONAL NAME
- Personal name: Bernini, Domenico,
- Dates associated with a name: 1657-1723
670 ## - SOURCE DATA FOUND
- Source citation: Work cat.: (IT-RoINE)0: Bernini, Domenico, 1657-1723, Vita del ven. padre fr. Giuseppe da Copertino de' Minori conventuali descritta da Domenico Bernino e dal medesimo dedicata alla Santitá di Nostro Signore Innocenzo XIII. , 1722.